| 000 | 00424nam a22001817a 4500 | ||
|---|---|---|---|
| 003 | SEACOMMC | ||
| 005 | 20231109075633.0 | ||
| 008 | 231109b |||||||| |||| 00| 0 eng d | ||
| 020 | _cRs. 175.00 | ||
| 040 | _aSEACOMMC | ||
| 082 |
_a519.72 _bHAD |
||
| 100 | 1 | _aHadley, G. | |
| 245 | 1 |
_aLinear programming _cG. Hadley |
|
| 260 |
_aNew Delhi _bNarosa _c2002 |
||
| 650 | _aMathematics | ||
| 650 | _aProgramming | ||
| 942 | _cBOOK | ||
| 999 |
_c321 _d321 |
||